Macy's Thanksgiving Parade Balloons Match-Up Quiz Stats

 Plays Quiz Updated Jul 27, 2018

Challenge
Share
Tweet
Embed
Score 0/24 Timer 05:00
4 Plays Today
% Correct
SpongeBob
97.5%
Cat
97.4%
Humpty
97.3%
Duck
97.2%
Bunny
97%
Pink
96.8%
Potato
96.8%
Hedgehog
96.4%
Chicken
96.1%
Charlie
96%
Bee
95.9%
Thomas
95.9%
% Correct
Boop
95.7%
Bear
95.5%
Pig
93.9%
Rabbit
93.2%
Rex
92%
Rocky
92%
Marx
91.5%
Mouse
90.7%
Elephant
90.2%
Abby
89.2%
Pennybags
86.4%
Linus
85.2%

You're not logged in!

Compare scores with friends on all Sporcle quizzes.
Join for Free
OR
Log In

You Might Also Like...

Show Comments

Extras

Top Quizzes Today


Score Distribution

Your Account Isn't Verified!

In order to create a playlist on Sporcle, you need to verify the email address you used during registration. Go to your Sporcle Settings to finish the process.

Report this User

Report this user for behavior that violates our Community Guidelines.

Details: